| 000 | 00782nas a2200253 4500 | ||
|---|---|---|---|
| 001 | BR0807599 | ||
| 003 | BR-BrBNA | ||
| 005 | 20231205112712.0 | ||
| 007 | ta | ||
| 008 | 230509b bl.|||p| |||| 00| 00por d | ||
| 040 |
_aBR-BrBNA _bpor _cBiblioteca Nacional de Agricultura |
||
| 041 | _a(En) | ||
| 072 | _aF60 | ||
| 100 | 1 | _aAgarwal, S. | |
| 100 | 1 | _aShaheen, R. | |
| 245 | 1 | _aStimulation of antioxidant system and lipid peoxidation by abiotic stress in leaves of Momordica charantia | |
| 650 | _aMELÃO | ||
| 650 | _aANTIOXIDANTE | ||
| 650 | _aESTRESSE | ||
| 650 | _aFOLHA | ||
| 773 | 0 |
_tBrazilian Journal of Plant Physiology (Brazil) _xISSN 1677-0420 _g(Apr-JUn 2007), v. 19(2) p. 149-161 _wBR0807599 |
|
| 909 |
_a202311 _bLúcia _c55 _dLúcia Elande |
||
| 942 |
_2AGRIS _n0 _cANA |
||
| 999 |
_c199461 _d199461 |
||